Finish the Minecraft Movie Quote - Statistics

General Stats
  • This quiz has been taken 99 times
  • The average score is 12 of 14
Answer Stats
Hint Answer % Correct
Chicken _____! Jockey
98%
Flint and _____ Steel
98%
Hot Lava and _______ Chicken
91%
The ______! Nether
91%
Ender _____ Pearl
91%
I __ _____! am Steve
89%
Water Bucket _______! Release
88%
Oh These Dudes, They're the _________ Villagers
86%
______ in Hot! Coming
84%
They Love Crushin' ____ Loaf
75%
Diamond Armor ____ ___ Full Set
71%
This is a ________ _____ Crafting Table
70%
Big Ol' ___ ____ Red Ones
61%
____ House! Pink
57%
No matching quizzes found
Score Distribution
Percent of People with Each Score
Percentile by Number Answered
Your Score History
You have not taken this quiz